Ganadores de la Stanley Cup (NHL) - Estadísticas

Estadísticas generales
  • Esta prueba ha sido intentada 11 veces
  • La puntuación promedio es 30 de 55
Estadísticas de respuestas
Año Perdedor Ganador % Correcto
1990 Bruins Oilers
75%
1988 Bruins Oilers
75%
1985 Flyers Oilers
75%
1984 Islanders Oilers
75%
1993 Kings Canadiens
63%
1986 Flames Canadiens
63%
1979 Rangers Canadiens
63%
1978 Bruins Canadiens
63%
1977 Bruins Canadiens
63%
1976 Flyers Canadiens
63%
1973 Black Hawks Canadiens
63%
1971 Black Hawks Canadiens
63%
1969 Blues Canadiens
63%
1968 Blues Canadiens
63%
2000 Stars Devils
63%
1989 Canadiens Flames
63%
2023 Panthers Golden Knights
63%
1983 Oilers Islanders
63%
1982 Canucks Islanders
63%
1981 North Stars Islanders
63%
1980 Flyers Islanders
63%
1987 Flyers Oilers
63%
1992 Blackhawks Penguins
63%
1991 North Stars Penguins
63%
1994 Canucks Rangers
63%
2022 Lightning Avalanche
50%
2001 Devils Avalanche
50%
2015 Lightning Blackhawks
50%
2013 Bruins Blackhawks
50%
2010 Flyers Blackhawks
50%
2019 Bruins Blues
50%
2011 Canucks Bruins
50%
1972 Rangers Bruins
50%
1970 Blues Bruins
50%
2018 Golden Knights Capitals
50%
1995 Red Wings Devils
50%
2007 Senators Ducks
50%
2014 Rangers Kings
50%
2012 Devils Kings
50%
2021 Canadiens Lightning
50%
2020 Stars Lightning
50%
2017 Predators Penguins
50%
2016 Sharks Penguins
50%
2009 Red Wings Penguins
50%
2008 Penguins Red Wings
50%
1998 Capitals Red Wings
50%
1997 Flyers Red Wings
50%
1999 Sabres Stars
50%
1996 Panthers Avalanche
38%
2003 Mighty Ducks Devils
38%
1975 Sabres Flyers
38%
1974 Bruins Flyers
38%
2006 Oilers Hurricanes
38%
2004 Flames Lightning
38%
2002 Hurricanes Red Wings
38%
No se encontraron pruebas coincidentes
Distribución de puntuación
Porcentaje de gente con cada puntuación
Porcentaje por número respondido
Historial de tus puntuaciones
No has intentado esta prueba.